000 00320nam a2200121Ia 4500
008 220217s9999||||xx |||||||||||||| ||und||
082 _a894.814 3 SAR
100 _aChatterjee, Sarathchandra
_93704
245 0 _aShesa prashne
260 _aDVK prakasana
_bBangalore
_c2003
300 _b75
650 _aGENERAL BOOKS
999 _c172425
_d172425